Wheldons Cost Accounting and Costing Methods. (Record no. 883228)

MARC details
000 -LEADER
fixed length control field 00276nam a2200109Ia 4500
008 - FIXED-LENGTH DATA ELEMENTS--GENERAL INFORMATION
fixed length control field 231011s9999 xx 000 0 und d
041 ## - LANGUAGE CODE
Language code of text/sound track or separate title eng
100 ## - MAIN ENTRY--PERSONAL NAME
Personal name Owler L.W.J. Brown. J.K.
245 ## - TITLE STATEMENT
Title Wheldons Cost Accounting and Costing Methods.
260 ## - PUBLICATION, DISTRIBUTION, ETC.
Name of publisher, distributor, etc. OTHER -
365 ## - TRADE PRICE
Price amount 52

No items available.